Mid Century Men (Record no. 27210)

MARC details
000 -LEADER
fixed length control field 00389nam a2200169Ia 4500
008 - FIXED-LENGTH DATA ELEMENTS--GENERAL INFORMATION
fixed length control field 090122s9999 xx 000 0 und d
082 ## - DEWEY DECIMAL CLASSIFICATION NUMBER
Item number 3132
Classification number O111:3
100 ## - MAIN ENTRY--PERSONAL NAME
Personal name Hopcraft
Numeration Arthur
245 ## - TITLE STATEMENT
Title Mid Century Men
260 ## - PUBLICATION, DISTRIBUTION, ETC. (IMPRINT)
Name of publisher, distributor, etc hamish hamilton
300 ## - PHYSICAL DESCRIPTION
Extent 254
600 ## - SUBJECT ADDED ENTRY--PERSONAL NAME
Personal name Hopcraft
630 ## - SUBJECT ADDED ENTRY--UNIFORM TITLE
Uniform title Mid Century Men
700 ## - ADDED ENTRY--PERSONAL NAME
Personal name Hopcraft
730 ## - ADDED ENTRY--UNIFORM TITLE
Uniform title Mid Century Men
942 ## - ADDED ENTRY ELEMENTS (KOHA)
Koha item type Book
Holdings
Withdrawn status Lost status Damaged status Not for loan Home library Current library Date acquired Total Checkouts Full call number Barcode Date last seen Copy number Price effective from Koha item type
        Dombivali Granthasangrahalaya, Dombivali Dombivali Granthasangrahalaya, Dombivali 01/22/2009   3132 DOM-3132 01/22/2009 1 01/22/2009 Book